000 00703nam a2200229Ii 4500
003 JO-AjNU
008 230605s9999||||xx |||||||||||||| ||und||
017 _a2012/8/3155
020 _a978-9957-02-490-1
040 _aJO-AjNU
_bara
_erda
_cJO-AjNU
041 _aara
050 1 4 _aPJ7824.A276.F55 2013
100 3 _aتأليف فحماوي، صبحي,
_eauthor
_949440
245 0 0 _aفلفل حار! : قصص
250 _aط1
264 3 1 _aعمان:دار مجدلاوي للنشر والتوزيع،2012
300 _a160ص
336 _atext
_btxt
_2rdacontent
337 _aunmediated
_bn
_2rdamedia
338 _avolume
_bnc
_2rdacarrier
650 4 _aالأدب العربي - قصص
_949441
999 _aA21715
_c25283
_d25283